[Event "Serbia op-A"]
[Site "Belgrade"]
[Date "2025.07.21"]
[Round "7"]
[White "Boci, Mateo"]
[Black "Sadbhav, Rautela"]
[Result "1-0"]
[WhiteElo "2263"]
[BlackElo "2148"]
[PlyCount "81"]
[EventDate "2025.07.14"]
[EventType "swiss"]
[EventRounds "9"]
[EventCountry "SRB"]
[SourceTitle "CB30_2025"]
[SourceDate "2025.07.23"]
[SourceVersion "1"]
[SourceVersionDate "2025.07.23"]
[SourceQuality "1"]

1. e4 e5 2. Nf3 Nc6 3. Nc3 Nf6 4. Bb5 Bb4 5. 0-0 0-0 6. d3 Bxc3 7. bxc3 d6 8. Bg5 Qe7 9. Re1 h6 10. Bh4 a6 11. Ba4 b5 12. Bb3 Na5 13. d4 Bb7 14. Re3 Rfe8 15. Qc1 c5 16. dxe5 dxe5 17. Qa3 Nxb3 18. cxb3 Rac8 19. Rae1 Qd6 20. Qc1 Rcd8 21. h3 Rd7 22. g4 Nh7 23. Bg3 Ng5 24. Nxg5 hxg5 25. R3e2 f6 26. Kg2 Red8 27. f3 Qc7 28. c4 b4 29. Bf2 Rd3 30. Rh1 a5 31. h4 gxh4 32. Rxh4 a4 33. Qh1 axb3 34. axb3 Rxb3 35. Rh8+ Kf7 36. Qh5+ Ke6 37. Rxd8 Qxd8 38. Rd2 Qc7 39. Qe8+ Qe7 40. Qg8+ Qf7 41. Rd6+ 1-0

[Event "Serbia op-A"]
[Site "Belgrade"]
[Date "2025.07.17"]
[Round "4"]
[White "Chandreyee, Hajra"]
[Black "Boci, Mateo"]
[Result "0-1"]
[WhiteElo "2044"]
[BlackElo "2263"]
[PlyCount "100"]
[EventDate "2025.07.14"]
[EventType "swiss"]
[EventRounds "9"]
[EventCountry "SRB"]
[SourceTitle "CB30_2025"]
[SourceDate "2025.07.23"]
[SourceVersion "1"]
[SourceVersionDate "2025.07.23"]
[SourceQuality "1"]

1. e4 c5 2. Nc3 Nc6 3. g3 g6 4. Bg2 Bg7 5. d3 d6 6. Be3 Rb8 7. Qd2 b5 8. f4 e6 9. Nge2 Nge7 10. 0-0 b4 11. Nd1 0-0 12. e5 Nd5 13. Bf2 Bb7 14. Ne3 Nb6 15. Nd1 Qe7 16. Qe3 Nd7 17. exd6 Qxd6 18. a3 a5 19. c3 Rfd8 20. Nc1 Ne7 21. Bxb7 Rxb7 22. axb4 axb4 23. Qe4 Rbb8 24. Qc4 Rdc8 25. Ra6 Qc7 26. cxb4 Rxb4 27. Qa2 Nc6 28. Ne2 Qb7 29. Ra4 h5 30. Rxb4 Nxb4 31. Qc4 h4 32. Qe4 Qa6 33. d4 Nd3 34. Be3 Nxb2 35. Nxb2 Qxe2 36. Rf2 Qe1+ 37. Rf1 Qe2 38. Rf2 Qa6 39. dxc5 Nxc5 40. Qc4 Qa1+ 41. Bc1 Rc7 42. Rc2 Bxb2 43. Rxb2 Na6 44. Ra2 Qxc1+ 45. Qxc1 Rxc1+ 46. Kg2 Nb4 47. Ra8+ Kg7 48. gxh4 Nd5 49. Kg3 Rc3+ 50. Kg4 Nf6+ 0-1

[Event "Serbia op-A"]
[Site "Belgrade"]
[Date "2025.07.14"]
[Round "5"]
[White "Boci, Mateo"]
[Black "Damljanovic, Branko"]
[Result "0-1"]
[WhiteElo "2263"]
[BlackElo "2393"]
[PlyCount "96"]
[EventDate "2025.07.14"]
[EventType "swiss"]
[EventRounds "9"]
[EventCountry "SRB"]
[SourceTitle "CB30_2025"]
[SourceDate "2025.07.23"]
[SourceVersion "1"]
[SourceVersionDate "2025.07.23"]
[SourceQuality "1"]

1. e4 c5 2. Nf3 Nc6 3. d4 cxd4 4. Nxd4 Nf6 5. Nc3 d6 6. Bg5 Qb6 7. Nb3 e6 8. Qd2 Be7 9. 0-0-0 0-0 10. f4 Rd8 11. Bxf6 Bxf6 12. g4 Qb4 13. Nb5 Qxd2+ 14. Rxd2 Be7 15. h4 a6 16. N5d4 Bd7 17. g5 a5 18. Nxc6 Bxc6 19. Bd3 e5 20. Rf2 d5 21. Nd2 Bc5 22. Rff1 exf4 23. Kb1 Be3 24. exd5 Bxd5 25. Rh2 Rac8 26. h5 Rc5 27. a4 g6 28. hxg6 hxg6 29. b3 Kg7 30. Ne4 Bxe4 31. Bxe4 b6 32. Rg2 Rh8 33. c4 Re5 34. Bf3 Rh3 35. Bd5 Rh5 36. Kc2 Rexg5 37. Re2 Rg3 38. Rd1 Rhh3 39. c5 Bxc5 40. Rf1 f3 41. Rd2 f2 42. Bc4 Rc3+ 43. Kb2 Rxc4 44. bxc4 Rf3 45. Kc2 g5 46. Kd1 g4 47. Ke2 Rc3 48. Rfd1 Rxc4 0-1

[Event "Paracin op-A 18th"]
[Site "Paracin"]
[Date "2025.07.05"]
[Round "2"]
[White "Boci, Mateo"]
[Black "Orujov, Hasan"]
[Result "1/2-1/2"]
[WhiteElo "2263"]
[BlackElo "2023"]
[PlyCount "108"]
[EventDate "2025.07.04"]
[EventType "swiss"]
[EventRounds "9"]
[EventCountry "SRB"]
[SourceTitle "CB29_2025"]
[SourceDate "2025.07.16"]
[SourceVersion "1"]
[SourceVersionDate "2025.07.16"]
[SourceQuality "1"]

1. e4 e5 2. Nf3 Nc6 3. Nc3 Nf6 4. Bb5 Bd6 5. 0-0 0-0 6. d3 Re8 7. a3 a6 8. Bc4 h6 9. Ne2 Bf8 10. Ng3 d5 11. exd5 Nxd5 12. Re1 Nb6 13. Ba2 Bd6 14. c3 Be6 15. Bxe6 Rxe6 16. d4 exd4 17. Rxe6 fxe6 18. cxd4 Bxg3 19. hxg3 Qf6 20. g4 g5 21. Qd3 Rd8 22. Be3 e5 23. Rd1 exd4 24. Nxd4 Nxd4 25. Bxd4 Qf7 26. Qc2 Nd5 27. g3 Re8 28. b4 c6 29. Ba1 Qh7 30. Qb2 Kf7 31. a4 b5 32. axb5 axb5 33. Qd4 Qg6 34. Rd3 Re1+ 35. Kg2 Qe4+ 36. Rf3+ Ke6 37. Qh8 Kd7 38. Qg7+ Kc8 39. Be5 Rg1+ 40. Kxg1 Qxf3 41. Qh8+ Kd7 42. Qxh6 Ne7 43. Qd6+ Ke8 44. Bf6 Qe4 45. Bxg5 Qe1+ 46. Kg2 Qe4+ 47. Kh2 Ng8 48. Qc7 Qf3 49. Be3 Nf6 50. Qe5+ Kf7 51. Qd4 Nxg4+ 52. Kg1 Nxe3 53. Qxe3 Qxe3 54. fxe3 Kf6 1/2-1/2

[Event "Pristina op"]
[Site "Pristina"]
[Date "2025.06.02"]
[Round "6"]
[White "Boci, Mateo"]
[Black "Ipek, Ekin"]
[Result "1/2-1/2"]
[WhiteElo "2268"]
[BlackElo "1880"]
[PlyCount "102"]
[EventDate "2025.05.31"]
[EventType "swiss"]
[EventRounds "9"]
[EventCountry "KOS"]
[SourceTitle "CB24_2025"]
[SourceDate "2025.06.11"]
[SourceVersion "1"]
[SourceVersionDate "2025.06.11"]
[SourceQuality "1"]

1. e4 c5 2. Nf3 g6 3. d4 cxd4 4. Nxd4 Bg7 5. c4 Nc6 6. Be3 Qb6 7. Nb3 Qd8 8. Nd4 Qb6 9. Nb3 Qd8 10. Qd2 Nf6 11. f3 d6 12. Nc3 0-0 13. Be2 a5 14. Nd4 a4 15. 0-0 Qa5 16. Rac1 Nxd4 17. Bxd4 Be6 18. Qe3 Nd7 19. Nb5 Rfc8 20. Kh1 Bxd4 21. Nxd4 Qb6 22. f4 Nf6 23. h3 Ra5 24. g4 Bd7 25. g5 Ne8 26. h4 Ng7 27. Qd2 e5 28. Nb5 Bxb5 29. cxb5 Raa8 30. fxe5 Rxc1 31. Qxc1 dxe5 32. Bc4 Ne6 33. Rf6 Qd4 34. Bd5 Rf8 35. Qc3 Qd1+ 36. Kh2 Qe2+ 37. Kg3 Nf4 38. Bxf7+ Rxf7 39. Qc8+ Kg7 40. Rxf7+ Kxf7 41. Qd7+ Kf8 42. Qd8+ Kf7 43. Qd7+ Kf8 44. Qc8+ Kf7 45. Qxb7+ Kf8 46. Qb8+ Kf7 47. Qc7+ Kf8 48. Qd6+ Kf7 49. Qd7+ Kf8 50. Qd8+ Kf7 51. Qf6+ Kg8 1/2-1/2

[Event "Pristina op"]
[Site "Pristina"]
[Date "2025.06.02"]
[Round "9"]
[White "Saric, Ante"]
[Black "Boci, Mateo"]
[Result "1-0"]
[WhiteElo "2490"]
[BlackElo "2268"]
[PlyCount "45"]
[EventDate "2025.05.31"]
[EventType "swiss"]
[EventRounds "9"]
[EventCountry "KOS"]
[SourceTitle "CB24_2025"]
[SourceDate "2025.06.11"]
[SourceVersion "1"]
[SourceVersionDate "2025.06.11"]
[SourceQuality "1"]

1. d4 Nf6 2. c4 e6 3. Nc3 Bb4 4. e3 0-0 5. Bd2 d5 6. Nf3 b6 7. Bd3 dxc4 8. Bxc4 Bb7 9. 0-0 Nbd7 10. Qe2 c5 11. Rfd1 cxd4 12. Nxd4 Rc8 13. a3 Bd6 14. Ncb5 Bb8 15. Bb4 Re8 16. Nd6 Bxd6 17. Bxd6 Ne4 18. Bb4 Qf6 19. f3 Nec5 20. Nb5 Ne5 21. Nd6 Qg6 22. Nxc8 Nxf3+ 23. Qxf3 1-0

[Event "KOS-chT"]
[Site "Pristina"]
[Date "2025.05.25"]
[Round "3.9"]
[White "Ramaj, Ergit"]
[Black "Boci, Mateo"]
[Result "1-0"]
[WhiteElo "2124"]
[BlackElo "2268"]
[PlyCount "77"]
[EventDate "2025.05.24"]
[EventType "team-tourn"]
[EventRounds "7"]
[EventCountry "KOS"]
[SourceTitle "CB23_2025"]
[SourceDate "2025.06.04"]
[SourceVersion "1"]
[SourceVersionDate "2025.06.04"]
[SourceQuality "1"]
[WhiteTeam "Rahoveci"]
[BlackTeam "Dardania"]
[WhiteTeamCountry "KOS"]
[BlackTeamCountry "KOS"]

1. e4 c5 2. Nf3 Nc6 3. Bb5 g6 4. d3 Bg7 5. 0-0 e5 6. a3 Nge7 7. b4 cxb4 8. axb4 Nxb4 9. Ba3 Nbc6 10. Bd6 0-0 11. Nc3 a6 12. Bc4 h6 13. Nd5 Nxd5 14. exd5 Ne7 15. Nxe5 Nf5 16. Bxf8 Bxe5 17. Ba3 b5 18. Bb3 b4 19. d4 Bxd4 20. Bxb4 Bxa1 21. Qxa1 d6 22. Ba5 Qg5 23. f4 Qh4 24. Qa4 Bb7 25. Re1 Qf6 26. Bb6 Qc3 27. Qe4 a5 28. Bf2 a4 29. Bxa4 Bxd5 30. Qxd5 Rxa4 31. g4 Nd4 32. Re8+ Kg7 33. Re7 Nf3+ 34. Kg2 Rxf4 35. Re3 Nh4+ 36. Kh3 Rf3+ 37. Qxf3 Nxf3 38. Rxc3 Ng5+ 39. Kg2 1-0

[Event "Titled Tuesday intern op 25th Mar Early"]
[Site "Chess.com INT"]
[Date "2025.03.25"]
[Round "8"]
[White "Boci, Mateo"]
[Black "Iniyan, Panneerseluam"]
[Result "0-1"]
[WhiteElo "2312"]
[BlackElo "2567"]
[PlyCount "130"]
[EventDate "2025.03.25"]
[EventType "swiss (blitz)"]
[EventRounds "11"]
[EventCountry "USA"]
[SourceTitle "CB14_2025"]
[SourceDate "2024.11.01"]
[SourceVersion "1"]
[SourceVersionDate "2024.11.01"]
[SourceQuality "1"]

1. e4 e5 2. Nf3 Nc6 3. Nc3 Bc5 4. Bb5 d6 5. d4 exd4 6. Nxd4 Bd7 7. Nxc6 bxc6 8. Bd3 Nf6 9. 0-0 0-0 10. Na4 Bb6 11. Nxb6 axb6 12. b3 Re8 13. Re1 d5 14. e5 Ne4 15. Bxe4 dxe4 16. Rxe4 Bf5 17. Rd4 Qe7 18. Bf4 Rad8 19. c3 c5 20. Rxd8 Rxd8 21. Qf3 Qd7 22. h3 h6 23. Re1 Be6 24. Re3 Qd2 25. Kh2 Qxa2 26. Bxh6 gxh6 27. Qf6 Qd2 28. Qxh6 Bf5 29. e6 Qxf2 30. exf7+ Kxf7 31. Rf3 Qc2 32. Qh5+ Ke6 33. Qh6+ Kd7 34. Qf6 Be4 35. Rf2 Qd3 36. Ra2 Qd6+ 37. Qxd6+ cxd6 38. g4 Ke6 39. h4 Rf8 40. h5 Rf1 41. Kg3 Ke5 42. Rh2 Rg1+ 43. Kh4 Kf4 44. Rf2+ Bf3 45. Kh3 Rh1+ 46. Rh2 Bxg4+ 47. Kg2 Rxh2+ 48. Kxh2 Bxh5 49. Kg2 Bf7 50. Kf2 Bxb3 51. Ke1 Ke4 52. Kd2 b5 53. Kc1 b4 54. Kb2 Bc4 55. cxb4 cxb4 56. Kc2 Kd4 57. Kb2 Kd3 58. Kc1 Kc3 59. Kb1 Ba6 60. Ka1 b3 61. Kb1 b2 62. Ka2 Kc2 63. Ka3 b1Q 64. Ka4 Qb5+ 65. Ka3 Qb3# 0-1

[Event "Titled Tuesday intern op 25th Mar Early"]
[Site "Chess.com INT"]
[Date "2025.03.25"]
[Round "5"]
[White "Boci, Mateo"]
[Black "Mikhalsky, Vladimir"]
[Result "1-0"]
[WhiteElo "2312"]
[BlackElo "2219"]
[PlyCount "71"]
[EventDate "2025.03.25"]
[EventType "swiss (blitz)"]
[EventRounds "11"]
[EventCountry "USA"]
[SourceTitle "CB14_2025"]
[SourceDate "2024.11.01"]
[SourceVersion "1"]
[SourceVersionDate "2024.11.01"]
[SourceQuality "1"]

1. e4 g6 2. d4 Bg7 3. Nc3 d6 4. f4 Nf6 5. Nf3 0-0 6. Bd3 Na6 7. 0-0 c5 8. d5 e6 9. a3 exd5 10. exd5 Re8 11. h3 Rb8 12. f5 c4 13. Bxc4 Bxf5 14. Bg5 Qb6+ 15. Kh1 Qxb2 16. Nb5 Ne4 17. Bh4 Qxa1 18. Qxa1 Bxa1 19. Rxa1 Rbc8 20. Bd3 Nc7 21. Nxa7 Ra8 22. Nb5 Nxd5 23. Bxe4 Bxe4 24. Nxd6 Re6 25. Nxe4 Rxe4 26. Rd1 Ne3 27. Rd2 Rxa3 28. Bf6 Ra8 29. Rd7 Nxc2 30. Rxb7 Ne1 31. Ng5 Rf4 32. Rxf7 Rf1+ 33. Kh2 h6 34. Rg7+ Kf8 35. Ne6+ Ke8 36. Re7# 1-0

[Event "Titled Tuesday intern op 25th Mar Early"]
[Site "Chess.com INT"]
[Date "2025.03.25"]
[Round "2"]
[White "Sovetbekova, Nurai"]
[Black "Boci, Mateo"]
[Result "0-1"]
[WhiteElo "1950"]
[BlackElo "2312"]
[PlyCount "74"]
[EventDate "2025.03.25"]
[EventType "swiss (blitz)"]
[EventRounds "11"]
[EventCountry "USA"]
[SourceTitle "CB14_2025"]
[SourceDate "2024.11.01"]
[SourceVersion "1"]
[SourceVersionDate "2024.11.01"]
[SourceQuality "1"]

1. d4 Nf6 2. c4 e6 3. Nc3 Bb4 4. Bd2 0-0 5. e3 b6 6. Bd3 Bb7 7. Nf3 c5 8. a3 Bxc3 9. Bxc3 cxd4 10. Bxd4 d6 11. 0-0 e5 12. Nxe5 dxe5 13. Bxe5 Nbd7 14. Bd6 Re8 15. Qc2 Nc5 16. Rfd1 Kh8 17. Bxc5 bxc5 18. Bxh7 Qc8 19. Bf5 Qc6 20. f3 Rxe3 21. Qf2 Rae8 22. Be4 R3xe4 23. fxe4 Rxe4 24. Rd8+ Kh7 25. Qc2 g6 26. Rf1 Rg4 27. Rf2 Qe6 28. Qd1 Re4 29. Qd3 Re3 30. Qd2 Re1+ 31. Rf1 Re2 32. Rxf6 Qxf6 33. Qxe2 Qxd8 34. h3 Qd4+ 35. Kh2 Qf4+ 36. Kg1 Qe4 37. Qd2 Qxc4 0-1

[Event "Titled Tuesday intern op 18th Mar Late"]
[Site "Chess.com INT"]
[Date "2025.03.18"]
[Round "10"]
[White "Boci, Mateo"]
[Black "Danila, Tudor Gabriel"]
[Result "1-0"]
[WhiteElo "2312"]
[BlackElo "2178"]
[PlyCount "75"]
[EventDate "2025.03.18"]
[EventType "swiss (blitz)"]
[EventRounds "11"]
[EventCountry "USA"]
[SourceTitle "CB13_2025"]
[SourceDate "2025.03.26"]
[SourceVersion "1"]
[SourceVersionDate "2025.03.26"]
[SourceQuality "1"]

1. e4 c6 2. d4 d5 3. Nc3 dxe4 4. Nxe4 Nf6 5. Nxf6+ exf6 6. Be3 Bd6 7. Bd3 0-0 8. Ne2 Re8 9. 0-0 Nd7 10. c4 Nf8 11. Qc2 Be6 12. Rfe1 Rc8 13. Ng3 b5 14. b3 Bb8 15. Rad1 a6 16. Qb1 Qc7 17. d5 Bg4 18. f3 Rxe3 19. Rxe3 Ba7 20. fxg4 Bxe3+ 21. Kh1 cxd5 22. cxd5 Qf4 23. Nf5 Rd8 24. Rf1 Qg5 25. Be4 Bc5 26. Qd1 Re8 27. h4 Qg6 28. Ne7+ Rxe7 29. Bxg6 Nxg6 30. Re1 Rd7 31. Re8+ Nf8 32. Qd3 h6 33. Qf5 Rc7 34. Rc8 Bd6 35. Rxc7 Bxc7 36. Qc8 Bd6 37. Qd8 Bc5 38. d6 1-0

[Event "Titled Tuesday intern op 18th Mar Late"]
[Site "Chess.com INT"]
[Date "2025.03.18"]
[Round "6"]
[White "Seo, Jung Min"]
[Black "Boci, Mateo"]
[Result "1-0"]
[WhiteElo "2493"]
[BlackElo "2312"]
[PlyCount "175"]
[EventDate "2025.03.18"]
[EventType "swiss (blitz)"]
[EventRounds "11"]
[EventCountry "USA"]
[SourceTitle "CB13_2025"]
[SourceDate "2025.03.26"]
[SourceVersion "1"]
[SourceVersionDate "2025.03.26"]
[SourceQuality "1"]

1. e4 c5 2. Nf3 Nc6 3. Bb5 e6 4. c3 Nf6 5. Qe2 Be7 6. e5 Nd5 7. Bxc6 dxc6 8. d3 0-0 9. 0-0 b6 10. Rd1 a5 11. Qe4 Ba6 12. a4 Qc7 13. Nbd2 Rad8 14. Nf1 c4 15. d4 c5 16. Qg4 cxd4 17. Bh6 g6 18. Bxf8 Bxf8 19. Rxd4 Bc5 20. Rd2 Ne7 21. Rad1 Rxd2 22. Rxd2 Bb7 23. Qf4 Nf5 24. Ng3 Nxg3 25. hxg3 Bd5 26. Ng5 Qe7 27. Ne4 Bxe4 28. Qxe4 Qg5 29. Rd1 Qxg3 30. Rd2 Qg5 31. Re2 Qc1+ 32. Kh2 Qh6+ 33. Kg3 Qc1 34. Qxc4 h5 35. Qf4 h4+ 36. Qxh4 Qd1 37. Qe4 Qd8 38. Kh2 Kg7 39. g3 Qg5 40. Kg2 Qh5 41. Rd2 Qg5 42. Qf4 Qe7 43. Qf6+ Qxf6 44. exf6+ Kxf6 45. Rd7 e5 46. Rb7 Ke6 47. b4 axb4 48. cxb4 Bd4 49. a5 bxa5 50. bxa5 f5 51. a6 g5 52. a7 Bxa7 53. Rxa7 g4 54. Ra6+ Kd5 55. Rh6 Ke4 56. Rh1 Kd4 57. Re1 Kd5 58. Kf1 Ke6 59. Ke2 Kf6 60. Ke3 Kg5 61. Kd3 f4 62. Ke4 Kf6 63. gxf4 exf4 64. Kxf4 Kg6 65. Kg3 Kh5 66. Re4 Kg6 67. Rxg4+ Kf6 68. f3 Kf5 69. Re4 Kf6 70. Kf2 Kg6 71. Rg4+ Kf7 72. Ke3 Kf6 73. Re4 Kf7 74. f4 Kf6 75. Re5 Kf7 76. Ke4 Kg7 77. f5 Kf7 78. Re6 Kf8 79. Ke5 Kf7 80. Ra6 Kf8 81. Ra7 Kg8 82. Ke6 Kh8 83. f6 Kg8 84. Kf5 Kf8 85. Kg6 Ke8 86. Kg7 Kd8 87. f7 Kc8 88. f8Q# 1-0

[Event "Titled Tuesday intern op 11th Mar Late"]
[Site "Chess.com INT"]
[Date "2025.03.11"]
[Round "11"]
[White "Boyer, Mahel"]
[Black "Boci, Mateo"]
[Result "1/2-1/2"]
[WhiteElo "2529"]
[BlackElo "2312"]
[PlyCount "103"]
[EventDate "2025.03.11"]
[EventType "swiss (blitz)"]
[EventRounds "11"]
[EventCountry "USA"]
[SourceTitle "CB12_2025"]
[SourceDate "2025.03.19"]
[SourceVersion "1"]
[SourceVersionDate "2025.03.19"]
[SourceQuality "1"]

1. Nf3 d5 2. g3 Bg4 3. Bg2 Nd7 4. h3 Bxf3 5. Bxf3 Ngf6 6. 0-0 e6 7. d4 Bd6 8. Nd2 0-0 9. e4 dxe4 10. Nxe4 Nxe4 11. Bxe4 c6 12. Bg2 Qc7 13. Be3 Rad8 14. c3 e5 15. d5 cxd5 16. Qxd5 Nc5 17. Rfd1 b6 18. a4 Be7 19. Qc4 Rxd1+ 20. Rxd1 Rd8 21. Bd5 Bf6 22. Kg2 Qe7 23. a5 h6 24. b4 Ne6 25. axb6 axb6 26. Bxb6 Rb8 27. Bxe6 Rxb6 28. Qc8+ Kh7 29. Bf5+ g6 30. Rd7 gxf5 31. Rxe7 Bxe7 32. Qxf5+ Kg7 33. Qxe5+ Bf6 34. Qc5 Re6 35. b5 Re5 36. Qc6 Re6 37. Qc7 Be5 38. Qb7 Bxc3 39. Qa7 Rf6 40. Qa4 Be5 41. Qc4 Bb8 42. Qc5 Bd6 43. Qc3 Kg6 44. b6 Bb8 45. b7 Ba7 46. Qd3+ Kg7 47. Qd8 Rxf2+ 48. Kh1 Rf1+ 49. Kg2 Rf2+ 50. Kh1 Rf1+ 51. Kh2 Rf2+ 52. Kh1 1/2-1/2

[Event "Wch U20 62nd"]
[Site "Petrovac"]
[Date "2025.03.06"]
[Round "10"]
[White "Vihaan, Dumir"]
[Black "Boci, Mateo"]
[Result "1/2-1/2"]
[WhiteElo "2014"]
[BlackElo "2312"]
[PlyCount "127"]
[EventDate "2025.02.25"]
[EventType "swiss"]
[EventRounds "11"]
[EventCountry "MNE"]
[SourceTitle "CB11_2025"]
[SourceDate "2025.03.12"]
[SourceVersion "1"]
[SourceVersionDate "2025.03.12"]
[SourceQuality "1"]

1. d4 Nf6 2. Bg5 e6 3. e4 h6 4. Bxf6 Qxf6 5. Nc3 Bb4 6. Qd3 d6 7. 0-0-0 Nc6 8. g3 Bd7 9. f4 0-0-0 10. Nf3 g5 11. e5 dxe5 12. dxe5 Qe7 13. Ne4 g4 14. Nfd2 Bxd2+ 15. Qxd2 Kb8 16. Bg2 Nb4 17. a3 Nd5 18. Qf2 Bc6 19. Rd2 Nb6 20. Rhd1 Bxe4 21. Bxe4 Rxd2 22. Qxd2 h5 23. Qg2 c6 24. Rd3 Kc7 25. Kb1 Rd8 26. h3 Rxd3 27. cxd3 Qc5 28. hxg4 hxg4 29. Qh2 Qd4 30. Qh4 Kd7 31. Qh7 Ke8 32. Qh8+ Ke7 33. Qb8 Qg1+ 34. Ka2 Qxg3 35. f5 exf5 36. Bxf5 Qf3 37. Be4 Qf4 38. Qd6+ Ke8 39. Qb8+ Ke7 40. Qxb7+ Nd7 41. Bxc6 Qd4 42. Bxd7 Qxd7 43. Qe4 Qe6+ 44. Ka1 Qg6 45. Qb4+ Ke6 46. d4 Kf5 47. Qc3 g3 48. Qf3+ Ke6 49. Qc6+ Ke7 50. Qc5+ Kd8 51. Qd5+ Ke8 52. Qg2 Qg5 53. Ka2 Qf4 54. Kb3 Qf2 55. Qc6+ Kf8 56. Qh6+ Ke8 57. Qc6+ Kd8 58. Qd6+ Kc8 59. Qc6+ Kb8 60. Qd6+ Kc8 61. Qc6+ Kd8 62. Qd6+ Ke8 63. Qb8+ Ke7 64. Qd6+ 1/2-1/2